000 00349nam a2200133Ia 4500
008 240624s9999 xx 000 0 und d
041 _aeng
082 _a332.63 PEL
100 _aPELSSER ANTOON
245 _aEFFICIENT METHODS FOR VALUING INTEREST R
260 _c2000
_aLondon
_bSpringer
300 _axii, : 172 : p. : cm. ; 24
365 _cERU
_b26
999 _c20716
_d20716